[Event "Mecklenburg VP Landesliga Ost 1920"]
[Site "Mecklenburg VP"]
[Date "2020.01.19"]
[Round "5.8"]
[White "Wurst, Oliver"]
[Black "Froehlich, Wolfgang"]
[Result "1/2-1/2"]
[WhiteElo "1631"]
[BlackElo "1534"]
[PlyCount "40"]
[EventDate "2019.09.29"]
[EventType "team-tourn"]
[EventRounds "9"]
[EventCountry "GER"]
[SourceTitle "EXT 2023"]
[Source "ChessBase"]
[SourceDate "2022.10.05"]
[SourceVersion "1"]
[SourceVersionDate "2022.10.05"]
[SourceQuality "1"]
[WhiteTeam "Rostock SSC 07"]
[BlackTeam "Ruegen Binz Therme"]
[WhiteTeamCountry "GER"]
[BlackTeamCountry "GER"]

1. c4 Nf6 2. d4 e5 3. dxe5 Ng4 4. Bf4 Nc6 5. Nf3 Bb4+ 6. Nc3 Bxc3+ 7. bxc3 0-0 8. h3 Nh6 9. e4 d6 10. exd6 cxd6 11. Qxd6 Qxd6 12. Bxd6 Re8 13. Nd2 f5 14. f3 Nf7 15. Bg3 fxe4 16. Nxe4 Ng5 17. Bd3 Nxe4 18. fxe4 Bf5 19. Kd2 Bxe4 20. Bxe4 Rxe4 1/2-1/2

[Event "MVP-ch Seniors op 18th"]
[Site "Ostseebad Binz"]
[Date "2018.12.06"]
[Round "9"]
[White "Froehlich, Wolfgang"]
[Black "Moeller, Peter1111"]
[Result "0-1"]
[WhiteElo "1491"]
[BlackElo "1687"]
[PlyCount "68"]
[EventDate "2018.11.28"]
[EventType "swiss"]
[EventRounds "9"]
[EventCountry "GER"]
[SourceTitle "CBM 188 Extra"]
[Source "ChessBase"]
[SourceDate "2019.02.26"]
[SourceVersion "1"]
[SourceVersionDate "2019.02.26"]
[SourceQuality "1"]

1. e4 d5 2. e5 Bf5 3. d4 e6 4. Nf3 Nd7 5. c3 Be7 6. Bd3 Bxd3 7. Qxd3 c5 8. 0-0 Qb6 9. a3 Rc8 10. a4 cxd4 11. cxd4 Bd8 12. Qb5 a6 13. Qxb6 Nxb6 14. b3 Ne7 15. Bg5 0-0 16. Na3 h6 17. Be3 Nf5 18. Rac1 Be7 19. Nb1 Bb4 20. g4 Nxe3 21. fxe3 Rfd8 22. Kf2 Rxc1 23. Rxc1 Rc8 24. Rxc8+ Nxc8 25. h4 Ne7 26. h5 Kf8 27. Ne1 Nc6 28. Nd3 Be7 29. Nc5 Bxc5 30. dxc5 Nxe5 31. Kg3 Nd3 32. b4 Ke8 33. b5 axb5 34. axb5 Nxc5 0-1

[Event "MVP-ch Seniors op 18th"]
[Site "Ostseebad Binz"]
[Date "2018.12.02"]
[Round "5"]
[White "Koehler, Marianne"]
[Black "Froehlich, Wolfgang"]
[Result "1/2-1/2"]
[WhiteElo "1654"]
[BlackElo "1491"]
[PlyCount "94"]
[EventDate "2018.11.28"]
[EventType "swiss"]
[EventRounds "9"]
[EventCountry "GER"]
[SourceTitle "CBM 188 Extra"]
[Source "ChessBase"]
[SourceDate "2019.02.26"]
[SourceVersion "1"]
[SourceVersionDate "2019.02.26"]
[SourceQuality "1"]

1. e4 e6 2. d3 d5 3. exd5 Qxd5 4. Nf3 Nc6 5. a3 a5 6. Nc3 Qd8 7. Be2 h6 8. Be3 Nf6 9. h3 Bd6 10. Nb5 b6 11. Qc1 Bb7 12. 0-0 Ba6 13. Nbd4 Nxd4 14. Bxd4 Bb7 15. Qd2 c5 16. Bc3 Qc7 17. Ne1 Bf4 18. Qd1 0-0-0 19. Bf3 Rhg8 20. Bxb7+ Qxb7 21. g3 Bc7 22. Qf3 Qxf3 23. Nxf3 Nd5 24. Bd2 f6 25. Rfe1 e5 26. Nh4 Rde8 27. Nf5 Kd7 28. c4 Ne7 29. Ne3 g5 30. g4 Nc6 31. Nd5 Bd8 32. Bc3 Re6 33. b4 Nd4 34. Bxd4 exd4 35. Rxe6 Kxe6 36. Re1+ Kf7 37. Kg2 Re8 38. Rxe8 Kxe8 39. bxa5 bxa5 40. a4 Kf7 41. f4 Ke6 42. f5+ Ke5 43. Kf3 Kd6 44. Kg3 Kd7 45. Kf3 Kd6 46. Kg3 Kd7 47. h4 Kd6 1/2-1/2

[Event "MVP-ch Seniors op 18th"]
[Site "Ostseebad Binz"]
[Date "2018.12.01"]
[Round "4"]
[White "Froehlich, Wolfgang"]
[Black "Fritsch, Juergen"]
[Result "0-1"]
[WhiteElo "1491"]
[BlackElo "1750"]
[PlyCount "129"]
[EventDate "2018.11.28"]
[EventType "swiss"]
[EventRounds "9"]
[EventCountry "GER"]
[SourceTitle "CBM 188 Extra"]
[Source "ChessBase"]
[SourceDate "2019.02.26"]
[SourceVersion "1"]
[SourceVersionDate "2019.02.26"]
[SourceQuality "1"]

1. e4 d5 2. exd5 Qxd5 3. Nc3 Qd8 4. Nf3 g6 5. b3 Bg7 6. Bb2 Nh6 7. Be2 0-0 8. 0-0 Nc6 9. Rb1 Nf5 10. Qc1 Nfd4 11. Nxd4 Nxd4 12. Re1 Bf5 13. d3 c5 14. Ne4 b6 15. Ng3 Be6 16. Qd1 Bd5 17. Bxd4 cxd4 18. Bf3 e6 19. Bxd5 Qxd5 20. a4 Rac8 21. Nf1 Rc7 22. Nd2 Rfc8 23. Rb2 h5 24. Nc4 f6 25. Re2 e5 26. Qe1 Bf8 27. f3 Kh7 28. Qh4 Rc6 29. Qe4 Qxe4 30. Rxe4 a6 31. Re2 Bb4 32. Ra2 b5 33. axb5 axb5 34. Ra7+ Kh6 35. Na5 Rxc2 36. Rxc2 Rxc2 37. Ra8 Bd2 38. Nb7 Be3+ 39. Kf1 Rf2+ 40. Ke1 Rxg2 41. Nd6 Rb2 42. Nf7+ Kg7 43. Ra7 Kf8 44. Nd6 Rxb3 45. Ra8+ Kg7 46. Ra7+ Kf8 47. Rf7+ Kg8 48. Rxf6 g5 49. Re6 Rb1+ 50. Ke2 Rb2+ 51. Ke1 Bf4 52. Re8+ Kh7 53. Ne4 Rxh2 54. Nxg5+ Bxg5 55. Rxe5 Bd2+ 56. Kd1 Bc3 57. Rxb5 h4 58. Rb7+ Kg6 59. f4 Rd2+ 60. Kc1 Rxd3 61. Kc2 Rf3 62. Rb6+ Kf5 63. Rh6 Kg4 64. Rg6+ Kxf4 65. Rh6 0-1

[Event "MVP-ch Seniors op 18th"]
[Site "Ostseebad Binz"]
[Date "2018.11.30"]
[Round "3"]
[White "Briesemeister, Klaus"]
[Black "Froehlich, Wolfgang"]
[Result "1/2-1/2"]
[WhiteElo "1697"]
[BlackElo "1491"]
[PlyCount "68"]
[EventDate "2018.11.28"]
[EventType "swiss"]
[EventRounds "9"]
[EventCountry "GER"]
[SourceTitle "CBM 188 Extra"]
[Source "ChessBase"]
[SourceDate "2019.02.26"]
[SourceVersion "1"]
[SourceVersionDate "2019.02.26"]
[SourceQuality "1"]

1. d4 d5 2. c4 e6 3. Nc3 Nf6 4. Nf3 Nbd7 5. g3 c6 6. e3 Qa5 7. Bd2 Qc7 8. Rc1 Be7 9. Qb3 Qb6 10. c5 Qxb3 11. axb3 0-0 12. b4 a6 13. Bd3 h6 14. 0-0 Re8 15. Rfe1 Nh7 16. Bxh7+ Kxh7 17. e4 dxe4 18. Nxe4 Nf6 19. Nxf6+ Bxf6 20. Ne5 Bxe5 21. dxe5 Rd8 22. Bc3 Bd7 23. Rcd1 Be8 24. Rd6 Rxd6 25. cxd6 Bd7 26. Bd4 g5 27. g4 Rf8 28. h3 Kg6 29. f3 h5 30. Kg2 hxg4 31. fxg4 Ra8 32. Ra1 Bc8 33. Kf3 Bd7 34. Kg3 Bc8 1/2-1/2

[Event "Mecklenburg VP LL2 Ost 1718"]
[Site "Mecklenburg VP"]
[Date "2018.01.21"]
[Round "5.8"]
[White "Froehlich, Wolfgang"]
[Black "Micheel, Peter"]
[Result "1/2-1/2"]
[WhiteElo "1213"]
[BlackElo "1665"]
[PlyCount "89"]
[EventDate "2017.10.08"]
[EventType "team-tourn"]
[EventRounds "9"]
[EventCountry "GER"]
[SourceTitle "EXT 2022"]
[Source "ChessBase"]
[SourceDate "2021.10.06"]
[SourceVersion "1"]
[SourceVersionDate "2021.10.06"]
[SourceQuality "1"]
[WhiteTeam "Binz Therme Ruegen"]
[BlackTeam "Graal Mueritz"]
[WhiteTeamCountry "GER"]
[BlackTeamCountry "GER"]

1. f4 d5 2. d4 g6 3. Nf3 Bg7 4. c3 Nf6 5. Be3 Nc6 6. Nbd2 0-0 7. g3 Ng4 8. Bf2 Nxf2 9. Kxf2 b6 10. e3 Bg4 11. h3 Bxf3 12. Nxf3 e6 13. b4 a5 14. b5 Ne7 15. Bd3 Qd6 16. a4 f6 17. h4 e5 18. Bc2 exf4 19. exf4 c5 20. Re1 Rfe8 21. Re2 Qd7 22. Kg2 c4 23. Qf1 Kf7 24. Rae1 Nf5 25. Rxe8 Rxe8 26. Rxe8 Kxe8 27. Qe2+ Kf7 28. Qe1 Nd6 29. Qe2 Bf8 30. Nh2 Qe6 31. Qxe6+ Kxe6 32. Kf3 Nc8 33. Nf1 Ba3 34. Ne3 Bc1 35. f5+ Kf7 36. fxg6+ hxg6 37. Nxd5 Bb2 38. g4 Kg7 39. h5 gxh5 40. gxh5 Kh6 41. Kg4 Nd6 42. Nxf6 Bxc3 43. Ne4 Nxe4 44. Bxe4 Bxd4 45. Bg6 1/2-1/2

[Event "MVP-ch Seniors op 17th"]
[Site "Binz"]
[Date "2017.12.05"]
[Round "7.84"]
[White "Froehlich, Wolfgang"]
[Black "Scholz, Jutta"]
[Result "1-0"]
[WhiteElo "1507"]
[BlackElo "1607"]
[PlyCount "135"]
[EventDate "2017.11.29"]
[EventType "swiss"]
[EventRounds "9"]
[EventCountry "GER"]
[SourceTitle "EXT 2019"]
[Source "ChessBase"]
[SourceDate "2018.10.10"]
[SourceVersion "1"]
[SourceVersionDate "2018.10.10"]
[SourceQuality "1"]

1. e4 g6 2. b3 Bg7 3. Nc3 e5 4. Bb2 d6 5. Rb1 Nf6 6. Be2 0-0 7. h3 c6 8. Nf3 Re8 9. 0-0 a6 10. Bd3 d5 11. Qe1 d4 12. Ne2 c5 13. Ng3 Nc6 14. a3 Rb8 15. Be2 h6 16. d3 Be6 17. Qd1 b5 18. Nh2 Qc7 19. Bg4 Nxg4 20. Nxg4 h5 21. Nh2 c4 22. Bc1 cxb3 23. cxb3 Qe7 24. Nf3 f6 25. Nh4 Bf7 26. Nf3 Rec8 27. Bb2 Rc7 28. Rc1 Bh6 29. b4 Bxc1 30. Bxc1 Rbc8 31. Qd2 Qf8 32. Rd1 Ne7 33. Ne1 Bb3 34. Ne2 Bxd1 35. Qxd1 Qf7 36. Qd2 Qg7 37. Qb2 Kh7 38. Kh2 g5 39. g3 Ng6 40. Qd2 h4 41. Qd1 hxg3+ 42. fxg3 Qh6 43. Bd2 Kg7 44. Nc1 Rh8 45. Qg4 Qh5 46. Qxh5 Rxh5 47. g4 Rh8 48. Nb3 Nf4 49. Bxf4 gxf4 50. Nc5 Rc6 51. Nf3 a5 52. h4 axb4 53. axb4 Ra8 54. h5 Ra2+ 55. Kh3 Kh6 56. Nh4 Rb2 57. Nf5+ Kh7 58. Ne7 Rxc5 59. bxc5 f3 60. Kg3 f2 61. Kg2 b4 62. c6 Rc2 63. Nd5 b3 64. c7 b2 65. Nxf6+ Kg7 66. g5 Rxc7 67. Kxf2 b1Q 68. Ng4 1-0

[Event "MVP-ch Seniors op 17th"]
[Site "Binz"]
[Date "2017.11.29"]
[Round "1.78"]
[White "Kube, Hannelore"]
[Black "Froehlich, Wolfgang"]
[Result "1-0"]
[WhiteElo "1905"]
[BlackElo "1507"]
[PlyCount "109"]
[EventDate "2017.11.29"]
[EventType "swiss"]
[EventRounds "9"]
[EventCountry "GER"]
[SourceTitle "EXT 2019"]
[Source "ChessBase"]
[SourceDate "2018.10.10"]
[SourceVersion "1"]
[SourceVersionDate "2018.10.10"]
[SourceQuality "1"]

1. c4 e5 2. Nc3 Bb4 3. g3 c6 4. Bg2 Nf6 5. e4 Be7 6. Nge2 d6 7. 0-0 Be6 8. d3 Na6 9. h3 Qc8 10. Kh2 Nc7 11. f4 h6 12. Be3 Kf8 13. f5 Bd7 14. d4 Qe8 15. Ng1 Nh7 16. Nf3 f6 17. Nh4 Kg8 18. Ng6 Nf8 19. Nxh8 Kxh8 20. Bf3 Qd8 21. Qd2 Kh7 22. Rad1 Be8 23. Qe2 Bf7 24. c5 Qe8 25. d5 cxd5 26. exd5 Qd8 27. Rd2 Qe8 28. Rfd1 Kg8 29. Ne4 Qd8 30. b4 a6 31. cxd6 Bxd6 32. Nxd6 Qxd6 33. Bc5 Qd7 34. Qd3 Nb5 35. d6 Nd4 36. Bxd4 exd4 37. Qxd4 Qxf5 38. Bg4 Qb5 39. d7 Rd8 40. Rc1 Ne6 41. Bxe6 Bxe6 42. Rc8 Qf5 43. Rxd8+ Kf7 44. Rf8+ Kxf8 45. d8Q+ Kf7 46. Qc7+ Kg6 47. Qg4+ Qxg4 48. hxg4 Bxg4 49. Qxb7 h5 50. Qxa6 Kg5 51. Qf1 h4 52. Qf4+ Kh5 53. gxh4 Be6 54. Rg2 g6 55. Qxf6 1-0

[Event "MVP-ch Seniors op 16th"]
[Site "Binz"]
[Date "2016.12.01"]
[Round "9.81"]
[White "Freerksen, Uwe"]
[Black "Froehlich, Wolfgang"]
[Result "1/2-1/2"]
[WhiteElo "1505"]
[BlackElo "1562"]
[PlyCount "47"]
[EventDate "2016.11.23"]
[EventType "swiss"]
[EventRounds "9"]
[EventCountry "GER"]
[SourceTitle "EXT 2018"]
[Source "ChessBase"]
[SourceDate "2017.10.13"]
[SourceVersion "1"]
[SourceVersionDate "2017.10.13"]
[SourceQuality "1"]

1. e4 e5 2. d3 h6 3. Be2 c6 4. Nd2 Nf6 5. b3 Bb4 6. Ngf3 d6 7. 0-0 0-0 8. h3 Ba5 9. Nc4 Bc7 10. Bb2 Be6 11. Kh2 d5 12. Bxe5 dxc4 13. Bxc7 Qxc7+ 14. g3 Nbd7 15. bxc4 Ne5 16. Ng1 Ng6 17. f4 Nxf4 18. Rxf4 Rad8 19. a4 b6 20. Qe1 c5 21. Rc1 Qd7 22. Qd1 Qxa4 23. Ra1 Qd7 24. e5 1/2-1/2

[Event "MVP-ch Seniors op 16th"]
[Site "Binz"]
[Date "2016.11.24"]
[Round "2.73"]
[White "Husser, Oskar"]
[Black "Froehlich, Wolfgang"]
[Result "1-0"]
[WhiteElo "1817"]
[BlackElo "1562"]
[PlyCount "123"]
[EventDate "2016.11.23"]
[EventType "swiss"]
[EventRounds "9"]
[EventCountry "GER"]
[SourceTitle "EXT 2018"]
[Source "ChessBase"]
[SourceDate "2017.10.13"]
[SourceVersion "1"]
[SourceVersionDate "2017.10.13"]
[SourceQuality "1"]

1. Nf3 d5 2. c4 e6 3. b3 Nf6 4. Bb2 Nbd7 5. g3 c6 6. Bg2 h6 7. 0-0 Be7 8. d3 0-0 9. Nbd2 b6 10. e4 dxe4 11. dxe4 Bb7 12. Qe2 Qc7 13. Rfe1 Bb4 14. a3 Bxd2 15. Nxd2 e5 16. Rad1 a5 17. Bh3 c5 18. f3 Bc6 19. Nf1 Qb7 20. Ne3 Rfe8 21. a4 Re7 22. Nd5 Ree8 23. Rd3 Kf8 24. Red1 Rab8 25. Qd2 Qa7 26. Ne3 Rb7 27. Nf5 Rc7 28. g4 Ng8 29. g5 Re6 30. gxh6 Rg6+ 31. Ng3 Nxh6 32. Bxd7 Bxd7 33. Rxd7 Rxd7 34. Qxd7 Qxd7 35. Rxd7 Re6 36. Kf2 g6 37. Bc1 Ng8 38. Ne2 Ne7 39. Rd8+ Kg7 40. Re8 f6 41. Nc3 Kf7 42. Rb8 Rd6 43. Nd5 Nxd5 44. cxd5 g5 45. Rb7+ Ke8 46. Rc7 Kd8 47. Rh7 Ke8 48. Ke3 f5 49. Rg7 f4+ 50. Kf2 b5 51. Rxg5 bxa4 52. Rxe5+ Kd8 53. bxa4 Rb6 54. Bxf4 Rb2+ 55. Kg3 c4 56. Re6 c3 57. h4 Ra2 58. Rc6 Ra1 59. h5 Rh1 60. h6 Ke8 61. Rxc3 Kf7 62. Kg4 1-0

[Event "MVP-ch Seniors op 15th"]
[Site "Binz"]
[Date "2015.12.01"]
[Round "8.85"]
[White "Girod, Gudrun"]
[Black "Froehlich, Wolfgang"]
[Result "1/2-1/2"]
[WhiteElo "1223"]
[BlackElo "1142"]
[PlyCount "40"]
[EventDate "2015.11.24"]
[EventType "swiss"]
[EventRounds "9"]
[EventCountry "GER"]
[SourceTitle "EXT 2017"]
[Source "ChessBase"]
[SourceDate "2016.10.25"]
[SourceVersion "1"]
[SourceVersionDate "2016.10.25"]
[SourceQuality "1"]

1. d4 Nf6 2. Bf4 e6 3. e3 d5 4. Nf3 h6 5. h3 a6 6. Nbd2 Bd6 7. Bxd6 Qxd6 8. Be2 Nbd7 9. 0-0 0-0 10. b3 c5 11. c4 b6 12. Rc1 Bb7 13. Qc2 Ne4 14. Qb2 Nxd2 15. Qxd2 Nf6 16. Ne5 Nd7 17. Nxd7 Qxd7 18. f4 f5 19. Bf3 Rab8 20. cxd5 Bxd5 1/2-1/2

[Event "MVP-ch Seniors op 15th"]
[Site "Binz"]
[Date "2015.11.27"]
[Round "4.80"]
[White "Schulz, Hermann"]
[Black "Froehlich, Wolfgang"]
[Result "1/2-1/2"]
[WhiteElo "1450"]
[BlackElo "1142"]
[PlyCount "104"]
[EventDate "2015.11.24"]
[EventType "swiss"]
[EventRounds "9"]
[EventCountry "GER"]
[SourceTitle "EXT 2017"]
[Source "ChessBase"]
[SourceDate "2016.10.25"]
[SourceVersion "1"]
[SourceVersionDate "2016.10.25"]
[SourceQuality "1"]

1. e4 e5 2. Nf3 Nc6 3. Bb5 Nf6 4. Nc3 Bd6 5. d3 h6 6. h3 Ne7 7. 0-0 c6 8. Bc4 b5 9. Bb3 a5 10. a3 a4 11. Ba2 Bc7 12. Be3 d6 13. d4 Bd7 14. Qd2 Qc8 15. Kh2 Be6 16. Bxe6 Qxe6 17. Rad1 Ng6 18. d5 Qd7 19. Qe2 Rb8 20. Nd2 c5 21. f3 0-0 22. Ra1 Rb7 23. g3 Rfb8 24. Rfb1 Bd8 25. Nd1 Nh7 26. Nf2 Bg5 27. Bxg5 Nxg5 28. Qf1 Nh7 29. c3 Nhf8 30. Qe2 Nh7 31. Nf1 Rf8 32. Ne3 Ne7 33. Rg1 Kh8 34. Raf1 f6 35. Qc2 c4 36. Ng2 Qe8 37. Qd2 Ng5 38. Qe3 Nf7 39. f4 Ng6 40. f5 Ne7 41. h4 Kg8 42. Qf3 Nh8 43. Ne3 Rf7 44. g4 Kf8 45. Qg3 Ng8 46. Nh3 Ke7 47. g5 Kd8 48. Ng4 Rf8 49. Qe3 hxg5 50. hxg5 Kc8 51. g6 Qd8 52. Kg2 Kb8 1/2-1/2

[Event "MVP-ch Seniors op 15th"]
[Site "Binz"]
[Date "2015.11.25"]
[Round "2.85"]
[White "Krueger, Bernhard"]
[Black "Froehlich, Wolfgang"]
[Result "1-0"]
[WhiteElo "1568"]
[BlackElo "1142"]
[PlyCount "65"]
[EventDate "2015.11.24"]
[EventType "swiss"]
[EventRounds "9"]
[EventCountry "GER"]
[SourceTitle "EXT 2017"]
[Source "ChessBase"]
[SourceDate "2016.10.25"]
[SourceVersion "1"]
[SourceVersionDate "2016.10.25"]
[SourceQuality "1"]

1. c4 e5 2. Nc3 Bb4 3. g3 c6 4. Qc2 d6 5. a3 Ba5 6. Bg2 Be6 7. b3 h6 8. Nf3 Nf6 9. 0-0 Qd7 10. e3 Bh3 11. Bb2 Bxg2 12. Kxg2 0-0 13. b4 Bb6 14. c5 Bc7 15. d4 Re8 16. dxe5 dxe5 17. Rad1 Qg4 18. h3 Qh5 19. Ne4 Nxe4 20. Qxe4 f6 21. g4 Qf7 22. Nh4 Na6 23. Nf5 Rad8 24. h4 Rxd1 25. Rxd1 Rd8 26. Rxd8+ Bxd8 27. Nd6 Qe7 28. Qg6 b6 29. Nf5 Qf7 30. Nxh6+ Kh8 31. Nxf7+ Kg8 32. Nxd8 bxc5 33. Ne6 1-0